Hatsaʻat taḳtsiv ha-medinah li-shenat 2005 : mabaṭ migdari /

Saved in:
Bibliographic Details
Main Author: Swirski, Barbara.
Corporate Author: Adva Center (Tel Aviv, Israel)
Format: Book
Language:Hebrew
Published: Tel Aviv : Merkaz Adṿah, 2004.
Subjects:
Tags: Add Tag
No Tags, Be the first to tag this record!
LEADER 00733nam a22002297a 4500
001 009742004-2
005 20110607122035.0
008 050822s2004 is |||||||||||||||||heb|d
035 0 |a ocm62563717 
100 1 |a Swirski, Barbara. 
245 1 0 |a Hatsaʻat taḳtsiv ha-medinah li-shenat 2005 :  |b mabaṭ migdari /  |c Barbarah Svirsḳi. 
260 |a Tel Aviv :  |b Merkaz Adṿah,  |c 2004. 
300 |a 13 p. ;  |c 29 cm. 
650 0 |a Women  |x Economic conditions  |z Israel. 
650 0 |a Budget  |z Israel. 
650 0 |a Fiscal policy  |z Israel. 
651 0 |a Israel  |x Appropriations and expenditures. 
651 0 |a Israel  |x Economic policy  |y 1993- 
710 2 |a Adva Center (Tel Aviv, Israel) 
752 |a Israel  |d Tel Aviv. 
988 |a 20050822 
906 |0 MH